| 000 | 00377 a2200169 4500 | ||
|---|---|---|---|
| 001 | 69273 | ||
| 020 | _a8526241745 | ||
| 040 | _cAnchieta - Itaigara | ||
| 100 | _aGrenier, Christian | ||
| 240 | 1 | 0 |
_aO metrônomo mágico _lpor |
| 245 | 1 | 0 | _aO metrônomo mágico |
| 300 | _a48 | ||
| 362 | 0 | _a2002 | |
| 440 | 1 | _aScipione | |
| 650 | 4 | _aLiteratura infanto-juvenil | |
| 942 | _cBK | ||
| 999 |
_c69273 _d69273 |
||